| 000 | 00358nam a22001217a 4500 | ||
|---|---|---|---|
| 999 |
_c15108 _d15108 |
||
| 008 | 200304b ||||| |||| 00| 0 eng d | ||
| 100 |
_941838 _aRevita, Juliet C. |
||
| 245 |
_aDavao and its laws/ _cJuliet C. Revita. |
||
| 260 |
_aDavao City, Philippines. _bSunstar Davao, _c©2019. |
||
| 300 |
_apage S13; _c29.5cm. |
||
| 650 |
_aLaw. _941839 |
||
| 942 |
_2ddc _cPER |
||